CRB/ (Record no. 4142)

MARC details
000 -LEADER
campo de control de longitud fija 01255nam a22003977a 4500
003 - IDENTIFICADOR DE NÚMERO DE CONTROL
campo de control OSt
005 - FECHA Y HORA DE LA ÚLTIMA TRANSACCIÓN
campo de control 20230816145909.0
008 - DATOS DE LONGITUD FIJA--INFORMACIÓN GENERAL
campo de control de longitud fija 221006b |||||||| |||| 00| 0 eng d
040 ## - FUENTE DE CATALOGACIÓN
Centro/agencia transcriptor Biblioteca Lado V
082 ## - NÚMERO DE LA CLASIFICACIÓN DECIMAL DEWEY
Número de clasificación 868.992.3
Número de ítem B214c
100 ## - ENTRADA PRINCIPAL--NOMBRE DE PERSONA
9 (RLIN) 943
Nombre de persona Bandara, Samuel B.
Término indicativo de función/relación editor
245 ## - MENCIÓN DEL TÍTULO
Título CRB/
Resto del título The Caribbean Review of Books/
260 ## - PUBLICACIÓN, DISTRIBUCIÓN, ETC.
Nombre del editor, distribuidor, etc. Media and Editorial Projects Ltd.
Fecha de publicación, distribución, etc. 2009
Lugar de publicación, distribución, etc. España
-- Trinidad y Tobago
300 ## - DESCRIPCIÓN FÍSICA
Dimensiones 21x25.5cm
Extensión 33p.
490 ## - MENCIÓN DE SERIE
Mención de serie 19
Designación de volumen o secuencia 2009
505 ## - NOTA DE CONTENIDO CON FORMATO
Título Reviews
505 ## - NOTA DE CONTENIDO CON FORMATO
Título The X file
505 ## - NOTA DE CONTENIDO CON FORMATO
Título Praise songs
505 ## - NOTA DE CONTENIDO CON FORMATO
Título Family Matters
505 ## - NOTA DE CONTENIDO CON FORMATO
Título Home and away
505 ## - NOTA DE CONTENIDO CON FORMATO
Título On broken ground
505 ## - NOTA DE CONTENIDO CON FORMATO
Título The Contender
Nota de contenido con formato In Brief<br/><br/>Etc.
505 ## - NOTA DE CONTENIDO CON FORMATO
Título Marginalia
505 ## - NOTA DE CONTENIDO CON FORMATO
Título Reading List
505 ## - NOTA DE CONTENIDO CON FORMATO
Título The 2008 CRB Books of the year
505 ## - NOTA DE CONTENIDO CON FORMATO
Título Where the borders are
505 ## - NOTA DE CONTENIDO CON FORMATO
Título Prosimetrum
505 ## - NOTA DE CONTENIDO CON FORMATO
Título Portfolio
505 ## - NOTA DE CONTENIDO CON FORMATO
Título Poems
650 ## - PUNTO DE ACCESO ADICIONAL DE MATERIA--TÉRMINO DE MATERIA
Fuente del encabezamiento o término Tesauro de Arte & Arquitectura
Término de materia o nombre geográfico como elemento de entrada ARTE
9 (RLIN) 703
650 ## - PUNTO DE ACCESO ADICIONAL DE MATERIA--TÉRMINO DE MATERIA
Fuente del encabezamiento o término Tesauro de Arte & Arquitectura
Término de materia o nombre geográfico como elemento de entrada LITERATURA CARIBEÑA
650 ## - PUNTO DE ACCESO ADICIONAL DE MATERIA--TÉRMINO DE MATERIA
Fuente del encabezamiento o término Tesauro de Arte & Arquitectura
Término de materia o nombre geográfico como elemento de entrada CULTURA
650 ## - PUNTO DE ACCESO ADICIONAL DE MATERIA--TÉRMINO DE MATERIA
Fuente del encabezamiento o término Tesauro de Arte & Arquitectura
Término de materia o nombre geográfico como elemento de entrada COLECCION
710 ## - ENTRADA AGREGADA--NOMBRE DE ENTIDAD CORPORATIVA
Nombre de entidad corporativa o nombre de jurisdicción como elemento de entrada Zero-Six Editions
Término indicativo de función/relación editor
942 ## - ELEMENTOS DE ENTRADA SECUNDARIOS (KOHA)
Fuente del sistema de clasificación o colocación Clasificación Decimal Dewey
Tipo de ítem Koha Libros
Parte de la signatura que corresponde a la clasificación (Parte de la clasificación) 868.992.3
Parte de la signatura que identifica el ejemplar (Parte del ítem) B214c
Suprimir en OPAC No
Holdings
Estatus retirado Estado de pérdida Fuente del sistema de clasificación o colocación Especificación de materiales (volumen encuadernado u otra parte) Estado de daño No para préstamo Colección Biblioteca de origen Biblioteca actual Fecha de adquisición Enumeración/cronología de publicación seriada Número de inventario Total de préstamos Signatura topográfica completa Código de barras Visto por última vez Precio de reemplazo Tipo de ítem Koha
    Clasificación Decimal Dewey 2009     Revistas Biblioteca LadoV Biblioteca LadoV 16/08/2023 19 002473   868.992.3 B214c 002473 16/08/2023 16/08/2023 Libros